How to Increase Consumer Acceptance of the Transition to Circular Economy

Prechod na obehové hospodárstvo - veľká výzva pre podnikateľov, firmy, výrobcov a aj spotrebiteľov. Prechod na obehové hospodárstvo ako nástroj na vysporiadanie sa s klimatickými zmenami. Podstata cirkulárnej ekonomiky - dosiahnutie udržateľnosti a blahobytu pri nízkych alebo žiadnych materiálnych,...

Descripción completa

Guardado en:
Detalles Bibliográficos
Autor principal: Jurkovič, Miroslav, 1979-
Formato: Capítulo de libro
Lenguaje:inglés
Materias:
Etiquetas: Agregar Etiqueta
Sin Etiquetas, Sea el primero en etiquetar este registro!

MARC

LEADER 00000naa$a2200000$$$4500
001 0283941
005 20240502074412.1
041 0 |a eng 
044 |a SK 
245 1 0 |a How to Increase Consumer Acceptance of the Transition to Circular Economy  |c Miroslav Jurkovič 
520 |a Prechod na obehové hospodárstvo - veľká výzva pre podnikateľov, firmy, výrobcov a aj spotrebiteľov. Prechod na obehové hospodárstvo ako nástroj na vysporiadanie sa s klimatickými zmenami. Podstata cirkulárnej ekonomiky - dosiahnutie udržateľnosti a blahobytu pri nízkych alebo žiadnych materiálnych, energetických a environmentálnych nákladoch. Cirkulárna ekonomika a znižovanie dopadov hospodárskych systémov na životné prostredie. Kľúčové faktory pre začlenenie spotrebiteľa do prechodu na obehové hospodárstvo. 
610 2 0 |a hospodárstvo obehové 
610 2 0 |a udržateľnosť 
610 2 0 |a správanie spotrebiteľa 
610 2 0 |a zmeny klimatické 
610 2 0 |a prostredie životné 
610 2 0 |a politika environmentálna 
100 1 |a Jurkovič, Miroslav, 1979-